A favor de Teilhard de Chardin / (Record no. 137216)

MARC details
000 -LEADER
campo de control de longitud fija 00711nam a2200205 4500
001 - NÚMERO DE CONTROL
campo de control 137216
003 - IDENTIFICADOR DE NÚMERO DE CONTROL
campo de control ES-MaACL
005 - FECHA Y HORA DE LA ÚLTIMA TRANSACCIÓN
campo de control 20230906195331.0
007 - CAMPO FIJO DE DESCRIPCIÓN FÍSICA--INFORMACIÓN GENERAL
campo de control de longitud fija t|
008 - DATOS DE LONGITUD FIJA--INFORMACIÓN GENERAL
campo de control de longitud fija 070214s1967 sp r ||||1| spa d
100 1# - ENTRADA PRINCIPAL--NOMBRE DE PERSONA
Nombre de persona Monestier, André.
9 (RLIN) 82174
245 10 - MENCIÓN DEL TÍTULO
Título A favor de Teilhard de Chardin /
Mención de responsabilidad, etc. André Monestier.
260 ## - PUBLICACIÓN, DISTRIBUCIÓN, ETC.
Lugar de publicación, distribución, etc. Barcelona :
Nombre del editor, distribuidor, etc. Pomaire,
Fecha de publicación, distribución, etc. 1967.
300 ## - DESCRIPCIÓN FÍSICA
Extensión 2 t. en 1 vol. ;
Dimensiones 20 cm.
505 8# - NOTA DE CONTENIDO CON FORMATO
Nota de contenido con formato Contiene además con portada propia: En contra de Teilhard de Chardin de Louis Salleron ; traducción de J. F. Vidal Jové
700 1# - ENTRADA AGREGADA--NOMBRE PERSONAL
Nombre de persona Salleron, Louis.
9 (RLIN) 101979
700 1# - ENTRADA AGREGADA--NOMBRE PERSONAL
Nombre de persona Vidal Jové, J. F.
9 (RLIN) 114497
740 0# - ENTRADA AGREGADA--TÍTULO RELACIONADO/ANALÍTICO NO CONTROLADO
Título relacionado o analítico no controlado En contra de Teilhard de Chardin.
852 ## - LOCALIZACIÓN
Ubicación ES-MaACL
Número de control de estantería C-34226
Sublocalización o colección R.64856
Holdings
Estatus retirado Estado de pérdida Estado de daño No para préstamo Biblioteca de origen Biblioteca actual Ubicación en estantería Fecha de adquisición Fuente de adquisición Total de préstamos Signatura topográfica completa Código de barras Visto por última vez Precio de reemplazo Tipo de ítem Koha
        Biblioteca del Ateneo de Madrid Biblioteca del Ateneo de Madrid Depósito 2 17/01/2008     C-34226 1142794 23/02/2023 23/02/2023 Libro impreso